The footprints of partition (Record no. 16419)

000 -LEADER
fixed length control field 01212nam a22001697a 4500
003 - CONTROL NUMBER IDENTIFIER
control field OSt
005 - DATE AND TIME OF LATEST TRANSACTION
control field 20170105102939.0
040 ## - CATALOGING SOURCE
Original cataloging agency 0
082 ## - DEWEY DECIMAL CLASSIFICATION NUMBER
Classification number 954.035
Author Mark ZAK 2015
100 ## - MAIN ENTRY--PERSONAL NAME
Personal name Zakaria, Anam
245 ## - TITLE STATEMENT
Title The footprints of partition
Remainder of title narratives of four generations of Pakistanis and Indians
Statement of responsibility, etc. Anam Zakaria
260 ## - PUBLICATION, DISTRIBUTION, ETC.
Place of publication, distribution, etc. Uttar Pradesh, India
Name of publisher, distributor, etc. HarperCollins Publishers India
Date of publication, distribution, etc. 2015
300 ## - PHYSICAL DESCRIPTION
Extent x, 248 p
Dimensions 22 cm
505 ## - FORMATTED CONTENTS NOTE
Formatted contents note Blurred lines : Naseer Ashiq -- The bus that did not stop : Muhammad Rauf -- Tea at no-man's land : Tina Vachani -- Uneasy come, uneasy go : Shireen and Amy -- Sustaining old bonds : Malik Siddiqui -- Letting go : Roshan Ara -- At home in enemy country : Mr. and Mrs. Intikhab Alam -- A daughter fulfils her mother's dying wish : Ambreen Raja -- The train at Pul Bangash : Rana Kamal Ud-Din and Owais Rana -- A Punjabi without roots : Alpana Kishore -- Hitler's dog : Rafay Alam -- Closing a chapter, starting another : Shiraz -- A Delhi that was only theirs : Mansoor Ahmad -- Children of animosity : Adan Ali -- Epilogue.
650 ## - SUBJECT ADDED ENTRY--TOPICAL TERM
Topical term or geographic name entry element India -- History -- Partition, 1947 -- Personal narratives. Pakistan -- History -- 20th century -- Personal narratives. India.
942 ## - ADDED ENTRY ELEMENTS (KOHA)
Source of classification or shelving scheme
Koha item type Book
Holdings
Withdrawn status Lost status Damaged status Not for loan Collection code Permanent Location Current Location Shelving location Date acquired Total Checkouts Full call number Barcode Date last seen Price effective from Koha item type
          Centre for International Peace & Stability (CIPS) Centre for International Peace & Stability (CIPS) General Stacks 05/27/2016   954.035 ZAK 2015 CIPSD0000445 05/27/2016 05/27/2016 Book
© 2023 Central Library, National University of Sciences and Technology. All Rights Reserved.